<?xml version="1.0" encoding="UTF-8"?>
<record
    xmlns:xsi="http://www.w3.org/2001/XMLSchema-instance"
    xsi:schemaLocation="http://www.loc.gov/MARC21/slim http://www.loc.gov/standards/marcxml/schema/MARC21slim.xsd"
    xmlns="http://www.loc.gov/MARC21/slim">

  <leader>00972 am a2200229 a 4500</leader>
  <controlfield tag="005">20240527122507.0</controlfield>
  <controlfield tag="008">100906s1988||||mx a   f |||| 001 0 spa d</controlfield>
  <datafield tag="020" ind1=" " ind2=" ">
    <subfield code="a">9683203736</subfield>
  </datafield>
  <datafield tag="041" ind1=" " ind2=" ">
    <subfield code="a">spa</subfield>
  </datafield>
  <datafield tag="092" ind1=" " ind2=" ">
    <subfield code="c">617.7</subfield>
    <subfield code="l">62</subfield>
    <subfield code="s">OPS</subfield>
  </datafield>
  <datafield tag="110" ind1="1" ind2=" ">
    <subfield code="a">OPS</subfield>
    <subfield code="9">63</subfield>
    <subfield code="g">Organizaci&#xF3;n Panamericana de la Salud.</subfield>
  </datafield>
  <datafield tag="245" ind1=" " ind2=" ">
    <subfield code="a">Oftalmolog&#xED;a aplicada.</subfield>
    <subfield code="b">Manual de oftalmolog&#xED;a b&#xE1;sica, para el m&#xE9;dico no oftalm&#xF3;logo y el estudiante de medicina /</subfield>
    <subfield code="c">Organizaci&#xF3;n Panamericana de la Salud.</subfield>
  </datafield>
  <datafield tag="250" ind1=" " ind2=" ">
    <subfield code="a">1a ed.</subfield>
  </datafield>
  <datafield tag="260" ind1=" " ind2=" ">
    <subfield code="a">M&#xE9;xico: </subfield>
    <subfield code="b">OPS/OMS ; Salvat;</subfield>
    <subfield code="c">1988.</subfield>
  </datafield>
  <datafield tag="300" ind1=" " ind2=" ">
    <subfield code="a">166 p.</subfield>
  </datafield>
  <datafield tag="500" ind1=" " ind2=" ">
    <subfield code="a">Organizaci&#xF3;n Panamericana de la Salud. (1988). Oftalmolog&#xED;a aplicada. Manual de oftalmolog&#xED;a b&#xE1;sica, para el m&#xE9;dico no oftalm&#xF3;logo y el estudiante de medicina. (1a ed.). Washington : OPS/OMS ; Salvat.</subfield>
  </datafield>
  <datafield tag="590" ind1=" " ind2=" ">
    <subfield code="a">OPS Serie Paltex para ejecutores de programas de salud. Donaci&#xF3;n Dr Oliva Sept. 2010</subfield>
  </datafield>
  <datafield tag="653" ind1=" " ind2=" ">
    <subfield code="a">Oftalmolog&#xED;a</subfield>
  </datafield>
  <datafield tag="930" ind1=" " ind2=" ">
    <subfield code="a">2144</subfield>
  </datafield>
  <datafield tag="930" ind1=" " ind2=" ">
    <subfield code="a">2145</subfield>
  </datafield>
  <datafield tag="942" ind1=" " ind2=" ">
    <subfield code="2">ddc</subfield>
    <subfield code="c">BK</subfield>
  </datafield>
  <datafield tag="999" ind1=" " ind2=" ">
    <subfield code="c">698</subfield>
    <subfield code="d">698</subfield>
  </datafield>
  <datafield tag="952" ind1=" " ind2=" ">
    <subfield code="0">0</subfield>
    <subfield code="1">0</subfield>
    <subfield code="4">0</subfield>
    <subfield code="7">0</subfield>
    <subfield code="a">BFM</subfield>
    <subfield code="b">BFM</subfield>
    <subfield code="c">CR</subfield>
    <subfield code="d">2011-05-13</subfield>
    <subfield code="l">1</subfield>
    <subfield code="o">617.7 62 OPS</subfield>
    <subfield code="p">2144</subfield>
    <subfield code="r">2014-11-06</subfield>
    <subfield code="s">2012-08-21</subfield>
    <subfield code="t">ej.1</subfield>
    <subfield code="w">2011-05-13</subfield>
    <subfield code="y">BK</subfield>
  </datafield>
  <datafield tag="952" ind1=" " ind2=" ">
    <subfield code="0">0</subfield>
    <subfield code="1">0</subfield>
    <subfield code="4">0</subfield>
    <subfield code="7">0</subfield>
    <subfield code="a">BFM</subfield>
    <subfield code="b">BFM</subfield>
    <subfield code="c">CR</subfield>
    <subfield code="d">2011-05-13</subfield>
    <subfield code="l">1</subfield>
    <subfield code="o">617.7 62 OPS</subfield>
    <subfield code="p">2145</subfield>
    <subfield code="r">2014-11-06</subfield>
    <subfield code="s">2012-08-21</subfield>
    <subfield code="t">ej.2</subfield>
    <subfield code="w">2011-05-13</subfield>
    <subfield code="y">BK</subfield>
  </datafield>
</record>
